[Event "1SM"]
[Site "Sharjah Chess Club"]
[Date "2017.03.30"]
[Round "8.20"]
[White "Bok, Benjamin"]
[Black "Nitin, S."]
[Result "1-0"]
[BlackElo "2432"]
[WhiteElo "2596"]
[LiveChessVersion "1.4.8"]

1. d4 {[%clk 1:40:57]} Nf6 {[%clk 1:40:25]} 2. c4 {[%clk 1:41:20]} g6
{[%clk 1:40:50]} 3. g3 {[%clk 1:41:42]} Bg7 {[%clk 1:41:13]} 4. Bg2
{[%clk 1:42:03]} O-O {[%clk 1:41:34]} 5. Nc3 {[%clk 1:42:25]} d6 {[%clk 1:41:49]}
6. Nf3 {[%clk 1:42:45]} Nc6 {[%clk 1:41:46]} 7. O-O {[%clk 1:42:59]} a6
{[%clk 1:42:10]} 8. b3 {[%clk 1:43:09]} Rb8 {[%clk 1:42:28]} 9. d5
{[%clk 1:43:07]} Na5 {[%clk 1:42:51]} 10. Bg5 {[%clk 1:43:04]} c5
{[%clk 1:42:28]} 11. dxc6 {[%clk 1:43:07]} Nxc6 {[%clk 1:42:51]} 12. Rc1
{[%clk 1:42:54]} Bf5 {[%clk 1:42:57]} 13. Qd2 {[%clk 1:42:05]} Ne4
{[%clk 1:43:14]} 14. Nxe4 {[%clk 1:41:59]} Bxe4 {[%clk 1:43:28]} 15. Rfd1
{[%clk 1:36:03]} Re8 {[%clk 1:33:35]} 16. Nh4 {[%clk 1:18:03]} Bxg2
{[%clk 1:33:22]} 17. Nxg2 {[%clk 1:15:30]} Nd4 {[%clk 1:27:23]} 18. Be3
{[%clk 0:54:52]} Nf5 {[%clk 1:26:21]} 19. c5 {[%clk 0:45:11]} dxc5
{[%clk 1:12:32]} 20. Bxc5 {[%clk 0:44:57]} Qxd2 {[%clk 1:12:35]} 21. Rxd2
{[%clk 0:45:25]} Rbc8 {[%clk 1:07:59]} 22. Rdc2 {[%clk 0:44:08]} Red8
{[%clk 1:03:25]} 23. Kf1 {[%clk 0:39:31]} e5 {[%clk 0:56:58]} 24. Ne3
{[%clk 0:32:47]} Nd4 {[%clk 0:50:21]} 25. Bxd4 {[%clk 0:33:09]} Rxc2
{[%clk 0:50:45]} 26. Nxc2 {[%clk 0:33:34]} exd4 {[%clk 0:51:11]} 27. Ne1
{[%clk 0:32:51]} Rd7 {[%clk 0:45:27]} 28. Rc8+ {[%clk 0:26:56]} Bf8
{[%clk 0:45:41]} 29. Nd3 {[%clk 0:27:23]} Kg7 {[%clk 0:45:54]} 30. Ke1
{[%clk 0:26:03]} f6 {[%clk 0:45:23]} 31. Kd2 {[%clk 0:24:37]} Kf7
{[%clk 0:45:35]} 32. Nc5 {[%clk 0:22:53]} Bxc5 {[%clk 0:37:11]} 33. Rxc5
{[%clk 0:23:19]} Ke6 {[%clk 0:34:56]} 34. Kd3 {[%clk 0:23:12]} g5
{[%clk 0:34:42]} 35. Ke4 {[%clk 0:13:21]} h6 {[%clk 0:34:15]} 36. Rc4
{[%clk 0:09:48]} f5+ {[%clk 0:34:15]} 37. Kd3 {[%clk 0:10:17]} Ke5
{[%clk 0:34:01]} 38. Rc5+ {[%clk 0:10:34]} Kf6 {[%clk 0:33:26]} 39. Rc4
{[%clk 0:10:14]} Ke5 {[%clk 0:33:49]} 40. Rc5+ {[%clk 0:10:41]} Kf6
{[%clk 0:34:15]} 41. Rc8 {[%clk 0:09:58]} Rd6 {[%clk 0:32:33]} 42. h3
{[%clk 0:04:42]} Rd5 {[%clk 0:26:10]} 43. Rc7 {[%clk 0:03:55]} g4
{[%clk 0:25:00]} 44. h4 {[%clk 0:01:51]} f4 {[%clk 0:25:13]} 45. gxf4
{[%clk 0:01:03]} Rh5 {[%clk 0:25:00]} 46. Kxd4 {[%clk 0:00:40]} Rxh4
{[%clk 0:25:25]} 47. e4 {[%clk 0:00:39]} Rh2 {[%clk 0:25:53]} 48. e5+
{[%clk 0:00:49]} Ke6 {[%clk 0:26:13]} 49. Rh7 {[%clk 0:00:36]} Rxf2
{[%clk 0:26:06]} 50. Rxh6+ {[%clk 0:00:58]} Ke7 {[%clk 0:26:29]} 51. Ke3
{[%clk 0:00:33]} Rxa2 {[%clk 0:25:45]} 52. Rb6 {[%clk 0:00:32]} g3
{[%clk 0:26:00]} 53. Rxb7+ {[%clk 0:00:45]} Kf8 {[%clk 0:26:25]} 54. Rb6
{[%clk 0:00:41]} Kf7 {[%clk 0:26:26]} 55. Rf6+ {[%clk 0:00:36]} Ke7
{[%clk 0:26:06]} 56. Kf3 {[%clk 0:00:32]} g2 {[%clk 0:26:30]} 57. Rg6
{[%clk 0:00:59]} Rb2 {[%clk 0:26:23]} 58. Rxg2 {[%clk 0:01:16]} Rxb3+
{[%clk 0:26:51]} 59. Ke4 {[%clk 0:01:38]} a5 {[%clk 0:27:16]} 60. Rg7+
{[%clk 0:01:49]} Kf8 {[%clk 0:27:33]} 61. Ra7 {[%clk 0:02:04]} Rb4+
{[%clk 0:27:52]} 62. Kf5 {[%clk 0:02:28]} a4 {[%clk 0:28:19]} 63. e6
{[%clk 0:02:29]} 1-0

[Event "1SM"]
[Site "Sharjah Chess Club"]
[Date "2017.03.30"]
[Round "8.21"]
[White "Idani, Pouya"]
[Black "Kanter, Eduard"]
[Result "1-0"]
[BlackElo "2383"]
[WhiteElo "2576"]
[LiveChessVersion "1.4.8"]

1. g3 {[%clk 1:40:58]} d5 {[%clk 1:39:34]} 2. Bg2 {[%clk 1:41:22]} Nf6
{[%clk 1:37:20]} 3. f4 {[%clk 1:41:47]} g6 {[%clk 1:36:35]} 4. Nf3
{[%clk 1:40:47]} Bg7 {[%clk 1:37:00]} 5. O-O {[%clk 1:41:13]} O-O
{[%clk 1:34:53]} 6. d3 {[%clk 1:40:52]} c5 {[%clk 1:33:12]} 7. Qe1
{[%clk 1:41:17]} Nc6 {[%clk 1:33:21]} 8. e4 {[%clk 1:40:04]} dxe4
{[%clk 1:33:32]} 9. dxe4 {[%clk 1:40:28]} e5 {[%clk 1:32:44]} 10. Nc3
{[%clk 1:38:12]} Nd4 {[%clk 1:26:24]} 11. Qd2 {[%clk 1:34:39]} exf4
{[%clk 1:00:59]} 12. gxf4 {[%clk 1:25:53]} Ng4 {[%clk 0:56:49]} 13. e5
{[%clk 1:11:33]} f6 {[%clk 0:53:49]} 14. h3 {[%clk 1:11:49]} Nh6 {[%clk 0:54:12]}
15. Ne4 {[%clk 1:10:02]} Nxf3+ {[%clk 0:46:57]} 16. Rxf3 {[%clk 1:10:14]} fxe5
{[%clk 0:47:15]} 17. fxe5 {[%clk 1:09:10]} Nf5 {[%clk 0:42:02]} 18. Qxd8
{[%clk 1:08:57]} Rxd8 {[%clk 0:42:26]} 19. Bg5 {[%clk 1:09:07]} Rd4
{[%clk 0:28:19]} 20. Re1 {[%clk 0:59:10]} h6 {[%clk 0:26:49]} 21. Bf6
{[%clk 0:58:12]} b6 {[%clk 0:22:21]} 22. Rf2 {[%clk 0:51:18]} Rb8
{[%clk 0:18:23]} 23. c3 {[%clk 0:50:40]} Ra4 {[%clk 0:11:50]} 24. b3
{[%clk 0:51:01]} Ra3 {[%clk 0:12:11]} 25. Nd6 {[%clk 0:38:10]} Bxf6
{[%clk 0:08:12]} 26. Bd5+ {[%clk 0:38:29]} Kf8 {[%clk 0:08:04]} 27. Nxf5
{[%clk 0:38:50]} Bxf5 {[%clk 0:06:23]} 28. exf6 {[%clk 0:39:11]} Rd8
{[%clk 0:01:18]} 29. c4 {[%clk 0:39:06]} Rd6 {[%clk 0:01:40]} 30. Rfe2
{[%clk 0:38:58]} Bd7 {[%clk 0:01:51]} 31. Re7 {[%clk 0:38:51]} 1-0

[Event "1SM"]
[Site "Sharjah Chess Club"]
[Date "2017.03.30"]
[Round "8.22"]
[White "Shyaamnikhil, P"]
[Black "Svane, Rasmus"]
[Result "1/2-1/2"]
[BlackElo "2570"]
[WhiteElo "2440"]
[LiveChessVersion "1.4.8"]

1. e4 {[%clk 1:40:21]} e5 {[%clk 1:40:55]} 2. Nf3 {[%clk 1:39:53]} Nc6
{[%clk 1:41:20]} 3. Bb5 {[%clk 1:38:30]} a6 {[%clk 1:41:45]} 4. Ba4
{[%clk 1:36:01]} Nf6 {[%clk 1:42:10]} 5. O-O {[%clk 1:36:17]} Be7
{[%clk 1:42:37]} 6. Bxc6 {[%clk 1:34:38]} dxc6 {[%clk 1:43:02]} 7. d3
{[%clk 1:34:59]} Nd7 {[%clk 1:42:05]} 8. Nbd2 {[%clk 1:34:55]} f6
{[%clk 1:27:42]} 9. Nh4 {[%clk 1:28:34]} g6 {[%clk 1:18:30]} 10. g3
{[%clk 1:24:26]} Nf8 {[%clk 1:14:00]} 11. Nc4 {[%clk 1:21:27]} Bh3
{[%clk 1:07:30]} 12. Ng2 {[%clk 1:21:07]} Qd7 {[%clk 1:06:50]} 13. f4
{[%clk 1:21:01]} exf4 {[%clk 1:05:37]} 14. gxf4 {[%clk 1:20:40]} f5
{[%clk 0:52:15]} 15. Ne5 {[%clk 1:15:28]} Qe6 {[%clk 0:51:52]} 16. Qf3
{[%clk 1:13:25]} Bxg2 {[%clk 0:48:20]} 17. Kxg2 {[%clk 1:10:53]} O-O-O
{[%clk 0:48:20]} 18. Be3 {[%clk 1:03:54]} Bf6 {[%clk 0:41:40]} 19. Bf2
{[%clk 0:54:06]} fxe4 {[%clk 0:35:12]} 20. Qxe4 {[%clk 0:54:17]} Nd7
{[%clk 0:32:37]} 21. Qc4 {[%clk 0:51:11]} Qxc4 {[%clk 0:27:17]} 22. Nxc4
{[%clk 0:51:06]} Rhe8 {[%clk 0:24:38]} 23. Rae1 {[%clk 0:50:17]} Nf8
{[%clk 0:22:35]} 24. Bg3 {[%clk 0:46:02]} Rxe1 {[%clk 0:21:05]} 25. Rxe1
{[%clk 0:46:01]} Kd7 {[%clk 0:20:58]} 26. Ne5+ {[%clk 0:34:55]} Bxe5
{[%clk 0:21:21]} 27. Rxe5 {[%clk 0:35:20]} Ne6 {[%clk 0:08:01]} 28. f5
{[%clk 0:35:39]} Nd4 {[%clk 0:08:18]} 29. fxg6 {[%clk 0:35:14]} hxg6
{[%clk 0:08:46]} 30. c3 {[%clk 0:32:11]} Ne6 {[%clk 0:07:31]} 31. h4
{[%clk 0:28:32]} Rf8 {[%clk 0:07:12]} 32. Re4 {[%clk 0:25:18]} g5
{[%clk 0:06:42]} 33. d4 {[%clk 0:24:19]} gxh4 {[%clk 0:06:57]} 34. Rxh4
{[%clk 0:24:42]} Rf7 {[%clk 0:07:00]} 35. Rh8 {[%clk 0:23:12]} c5
{[%clk 0:06:53]} 36. dxc5 {[%clk 0:19:56]} Nxc5 {[%clk 0:07:19]} 37. Rh4
{[%clk 0:20:02]} b6 {[%clk 0:04:15]} 38. b3 {[%clk 0:14:04]} Kc6 {[%clk 0:04:27]}
39. Rh6+ {[%clk 0:14:08]} Kb7 {[%clk 0:04:23]} 40. Rh1 {[%clk 0:08:08]} Ne4
{[%clk 0:04:43]} 41. Be1 {[%clk 0:08:16]} a5 {[%clk 0:03:28]} 42. c4
{[%clk 0:07:15]} Kc6 {[%clk 0:03:20]} 43. Rh4 {[%clk 0:05:40]} Re7
{[%clk 0:03:29]} 44. Rh5 {[%clk 0:03:20]} Nf6 {[%clk 0:02:17]} 45. Rh1
{[%clk 0:03:43]} Kc5 {[%clk 0:01:38]} 46. Kf3 {[%clk 0:02:09]} Kd4
{[%clk 0:01:41]} 47. Bh4 {[%clk 0:01:55]} Rf7 {[%clk 0:01:22]} 48. Ke2
{[%clk 0:01:59]} Ne4 {[%clk 0:01:31]} 49. Be1 {[%clk 0:01:08]} Nc3+
{[%clk 0:01:42]} 50. Kd2 {[%clk 0:01:31]} Nxa2 {[%clk 0:01:19]} 51. Rh4+
{[%clk 0:01:25]} Kc5 {[%clk 0:01:35]} 52. Rh5+ {[%clk 0:01:42]} Kc6
{[%clk 0:01:22]} 53. Rh6+ {[%clk 0:01:29]} Kc5 {[%clk 0:01:44]} 54. Rh5+
{[%clk 0:01:43]} Kb4 {[%clk 0:01:13]} 55. Kc2+ {[%clk 0:01:14]} Ka3
{[%clk 0:01:41]} 56. c5 {[%clk 0:00:38]} Nb4+ {[%clk 0:01:37]} 57. Bxb4+
{[%clk 0:01:01]} Kxb4 {[%clk 0:00:54]} 58. cxb6 {[%clk 0:01:23]} Rf2+
{[%clk 0:01:19]} 59. Kb1 {[%clk 0:01:45]} cxb6 {[%clk 0:01:41]} 60. Rh6
{[%clk 0:02:07]} b5 {[%clk 0:01:37]} 61. Rh5 {[%clk 0:02:27]} Rg2
{[%clk 0:01:19]} 62. Rf5 {[%clk 0:02:50]} Rg3 {[%clk 0:01:18]} 63. Ka2
{[%clk 0:03:13]} Rd3 {[%clk 0:01:41]} 64. Rh5 {[%clk 0:03:38]} Rd2+
{[%clk 0:01:22]} 65. Kb1 {[%clk 0:04:03]} Rd6 {[%clk 0:01:19]} 66. Kb2
{[%clk 0:04:17]} Rd2+ {[%clk 0:01:28]} 67. Kb1 {[%clk 0:04:40]} Re2
{[%clk 0:01:35]} 68. Rg5 {[%clk 0:05:02]} Re1+ {[%clk 0:01:50]} 69. Kb2
{[%clk 0:05:26]} Re2+ {[%clk 0:01:55]} 70. Kb1 {[%clk 0:05:50]} Re3
{[%clk 0:01:58]} 71. Ka2 {[%clk 0:06:17]} Rc3 {[%clk 0:02:11]} 72. Rg4+
{[%clk 0:06:15]} Kc5 {[%clk 0:02:35]} 73. Rg5+ {[%clk 0:06:28]} Kb6
{[%clk 0:02:54]} 74. Rh5 {[%clk 0:05:54]} Rd3 {[%clk 0:03:16]} 75. Rg5
{[%clk 0:06:13]} Kc6 {[%clk 0:03:42]} 76. Kb2 {[%clk 0:05:37]} Rd5
{[%clk 0:04:04]} 77. Rg4 {[%clk 0:05:52]} Kc5 {[%clk 0:04:29]} 78. Rh4
{[%clk 0:06:02]} Re5 {[%clk 0:04:49]} 79. b4+ {[%clk 0:02:03]} axb4
{[%clk 0:05:14]} 80. Rh8 {[%clk 0:02:24]} Re2+ {[%clk 0:04:50]} 81. Kb3
{[%clk 0:02:49]} Re3+ {[%clk 0:05:16]} 82. Kb2 {[%clk 0:03:15]} Rd3
{[%clk 0:03:39]} 83. Rc8+ {[%clk 0:03:23]} Kb6 {[%clk 0:04:00]} 84. Rb8+
{[%clk 0:03:45]} Kc6 {[%clk 0:04:18]} 85. Rc8+ {[%clk 0:04:11]} Kb7
{[%clk 0:04:25]} 86. Rh8 {[%clk 0:04:37]} Rc3 {[%clk 0:03:50]} 87. Rh6
{[%clk 0:04:34]} Rc6 {[%clk 0:04:03]} 88. Rh8 {[%clk 0:05:00]} Rd6
{[%clk 0:03:58]} 89. Kb3 {[%clk 0:05:25]} Rd4 {[%clk 0:04:23]} 90. Rh6
{[%clk 0:05:50]} Re4 {[%clk 0:03:44]} 1/2-1/2

[Event "1SM"]
[Site "Sharjah Chess Club"]
[Date "2017.03.30"]
[Round "8.23"]
[White "Asgarizadeh, Ahmad"]
[Black "Fier, Alexandr"]
[Result "1-0"]
[BlackElo "2568"]
[WhiteElo "2410"]
[LiveChessVersion "1.4.8"]

1. e4 {[%clk 1:40:05]} e5 {[%clk 1:40:55]} 2. Nf3 {[%clk 1:40:25]} Nc6
{[%clk 1:41:22]} 3. Bc4 {[%clk 1:40:13]} Nf6 {[%clk 1:41:46]} 4. d3
{[%clk 1:40:38]} Bc5 {[%clk 1:42:13]} 5. O-O {[%clk 1:40:49]} d6 {[%clk 1:42:22]}
6. c3 {[%clk 1:41:06]} a5 {[%clk 1:42:48]} 7. Re1 {[%clk 1:39:09]} O-O
{[%clk 1:43:12]} 8. Bg5 {[%clk 1:35:52]} h6 {[%clk 1:42:15]} 9. Bh4
{[%clk 1:36:13]} g5 {[%clk 1:41:12]} 10. Bg3 {[%clk 1:34:50]} Ba7
{[%clk 1:41:34]} 11. Na3 {[%clk 1:29:29]} Ne7 {[%clk 1:40:26]} 12. Nb5
{[%clk 1:20:23]} Ng6 {[%clk 1:37:38]} 13. Nxa7 {[%clk 1:16:26]} Rxa7
{[%clk 1:38:04]} 14. d4 {[%clk 1:16:28]} Qe7 {[%clk 1:38:06]} 15. Nd2
{[%clk 1:04:49]} Kh7 {[%clk 1:32:45]} 16. f3 {[%clk 1:01:51]} Rg8
{[%clk 1:28:19]} 17. Nf1 {[%clk 0:59:56]} Ra8 {[%clk 1:25:24]} 18. Ne3
{[%clk 0:58:23]} Nf4 {[%clk 1:24:33]} 19. Qd2 {[%clk 0:54:14]} N6h5
{[%clk 1:17:38]} 20. Rad1 {[%clk 0:44:32]} g4 {[%clk 1:14:12]} 21. Bxf4
{[%clk 0:27:29]} Nxf4 {[%clk 1:13:11]} 22. fxg4 {[%clk 0:27:37]} Bxg4
{[%clk 1:13:19]} 23. Nxg4 {[%clk 0:28:01]} Rxg4 {[%clk 1:13:44]} 24. g3
{[%clk 0:28:28]} Rag8 {[%clk 1:01:43]} 25. Re3 {[%clk 0:28:33]} b5
{[%clk 0:46:08]} 26. Bxb5 {[%clk 0:23:57]} Nh5 {[%clk 0:37:55]} 27. Bf1
{[%clk 0:20:54]} Nf6 {[%clk 0:37:23]} 28. Bh3 {[%clk 0:20:54]} exd4
{[%clk 0:35:37]} 29. cxd4 {[%clk 0:20:07]} Nxe4 {[%clk 0:36:02]} 30. Bxg4
{[%clk 0:20:05]} Rxg4 {[%clk 0:36:27]} 31. Qxa5 {[%clk 0:19:58]} Rg5
{[%clk 0:35:46]} 32. Qe1 {[%clk 0:18:43]} d5 {[%clk 0:36:13]} 33. Qf1
{[%clk 0:18:43]} Qd7 {[%clk 0:35:17]} 34. Rf3 {[%clk 0:18:30]} f5
{[%clk 0:35:40]} 35. Qd3 {[%clk 0:18:22]} h5 {[%clk 0:35:48]} 36. Rf4
{[%clk 0:18:00]} Qg7 {[%clk 0:35:28]} 37. Kh1 {[%clk 0:17:50]} c6
{[%clk 0:33:06]} 38. Rdf1 {[%clk 0:17:52]} Qd7 {[%clk 0:33:33]} 39. a4
{[%clk 0:18:05]} Nd6 {[%clk 0:33:59]} 40. a5 {[%clk 0:18:19]} Qa7
{[%clk 0:34:11]} 41. a6 {[%clk 0:18:33]} Qb6 {[%clk 0:34:36]} 42. Qa3
{[%clk 0:18:42]} 1-0

[Event "1SM"]
[Site "Sharjah Chess Club"]
[Date "2017.03.30"]
[Round "8.24"]
[White "Vignesh, N R"]
[Black "Santos Latasa, Jaime"]
[Result "1/2-1/2"]
[BlackElo "2565"]
[WhiteElo "2405"]
[LiveChessVersion "1.4.8"]

1. e4 {[%clk 1:40:29]} c5 {[%clk 1:40:55]} 2. Nf3 {[%clk 1:40:53]} d6
{[%clk 1:41:22]} 3. Bb5+ {[%clk 1:41:16]} Nd7 {[%clk 1:41:45]} 4. d4
{[%clk 1:40:31]} cxd4 {[%clk 1:42:10]} 5. Qxd4 {[%clk 1:40:48]} a6
{[%clk 1:42:36]} 6. Bxd7+ {[%clk 1:41:02]} Bxd7 {[%clk 1:43:01]} 7. Nc3
{[%clk 1:41:26]} e5 {[%clk 1:43:17]} 8. Qd3 {[%clk 1:41:49]} h6 {[%clk 1:43:44]}
9. Nd2 {[%clk 1:37:02]} Be6 {[%clk 1:43:13]} 10. Nc4 {[%clk 1:35:02]} Rc8
{[%clk 1:43:32]} 11. Ne3 {[%clk 1:35:26]} Nf6 {[%clk 1:43:56]} 12. a4
{[%clk 1:34:31]} Be7 {[%clk 1:44:04]} 13. O-O {[%clk 1:34:54]} O-O
{[%clk 1:44:30]} 14. Rd1 {[%clk 1:35:16]} Qc7 {[%clk 1:44:19]} 15. Qe2
{[%clk 1:33:29]} Qc5 {[%clk 1:39:22]} 16. Qf3 {[%clk 1:10:52]} b5
{[%clk 1:24:30]} 17. axb5 {[%clk 1:08:28]} axb5 {[%clk 1:24:19]} 18. Ra5
{[%clk 1:06:49]} Bd7 {[%clk 1:24:07]} 19. Nf5 {[%clk 0:44:42]} Bd8
{[%clk 1:21:24]} 20. Ra1 {[%clk 0:24:40]} Bxf5 {[%clk 1:20:18]} 21. Qxf5
{[%clk 0:24:35]} b4 {[%clk 1:19:15]} 22. Be3 {[%clk 0:24:39]} Qc4
{[%clk 1:18:36]} 23. Nb5 {[%clk 0:19:50]} Rc6 {[%clk 1:08:13]} 24. Nxd6
{[%clk 0:18:29]} Qxc2 {[%clk 1:08:14]} 25. h3 {[%clk 0:11:16]} Qxb2
{[%clk 1:06:39]} 26. Rdb1 {[%clk 0:10:50]} Qe2 {[%clk 1:05:58]} 27. Qxe5
{[%clk 0:11:01]} Bc7 {[%clk 0:56:07]} 28. Qb5 {[%clk 0:11:24]} Qxb5
{[%clk 0:56:14]} 29. Nxb5 {[%clk 0:11:53]} Be5 {[%clk 0:56:33]} 30. Ra2
{[%clk 0:07:40]} Rc4 {[%clk 0:54:30]} 31. Ra4 {[%clk 0:07:23]} Rxe4
{[%clk 0:53:37]} 32. Raxb4 {[%clk 0:07:33]} Rxb4 {[%clk 0:53:58]} 33. Rxb4
{[%clk 0:08:01]} Rb8 {[%clk 0:54:18]} 34. Rb1 {[%clk 0:07:49]} Nd5
{[%clk 0:53:20]} 35. Bd2 {[%clk 0:08:03]} h5 {[%clk 0:52:51]} 36. Nc3
{[%clk 0:08:05]} Rxb1+ {[%clk 0:53:06]} 37. Nxb1 {[%clk 0:08:34]} Bb2
{[%clk 0:53:10]} 38. Be1 {[%clk 0:08:29]} f6 {[%clk 0:53:33]} 39. Nd2
{[%clk 0:08:49]} Kf7 {[%clk 0:53:56]} 40. Nf3 {[%clk 0:09:13]} Ke6
{[%clk 0:54:11]} 41. Bd2 {[%clk 0:08:55]} Kf5 {[%clk 0:54:22]} 42. Kf1
{[%clk 0:09:02]} Ke4 {[%clk 0:54:21]} 43. Ke2 {[%clk 0:08:49]} g5
{[%clk 0:54:01]} 44. Ne1 {[%clk 0:07:51]} Bc3 {[%clk 0:54:03]} 45. f3+
{[%clk 0:06:44]} Ke5 {[%clk 0:54:06]} 46. Nd3+ {[%clk 0:06:41]} Kd4
{[%clk 0:53:20]} 47. Bc1 {[%clk 0:07:10]} h4 {[%clk 0:53:20]} 48. f4
{[%clk 0:07:11]} gxf4 {[%clk 0:53:36]} 49. Nxf4 {[%clk 0:07:30]} Nxf4+
{[%clk 0:53:57]} 50. Bxf4 {[%clk 0:07:59]} Ke4 {[%clk 0:54:06]} 51. Be3
{[%clk 0:07:55]} Be1 {[%clk 0:54:13]} 52. Bc5 {[%clk 0:08:02]} Bg3
{[%clk 0:54:32]} 1/2-1/2

[Event "1SM"]
[Site "Sharjah Chess Club"]
[Date "2017.03.30"]
[Round "8.25"]
[White "Vishnu, Prasanna. V"]
[Black "Sidhant, Mohapatra"]
[Result "1/2-1/2"]
[BlackElo "2341"]
[WhiteElo "2534"]
[LiveChessVersion "1.4.8"]

1. Nc3 {[%clk 1:40:56]} d5 {[%clk 1:40:09]} 2. e4 {[%clk 1:41:19]} d4
{[%clk 1:37:07]} 3. Nce2 {[%clk 1:41:44]} c5 {[%clk 1:37:03]} 4. Ng3
{[%clk 1:42:05]} Nc6 {[%clk 1:37:08]} 5. Bc4 {[%clk 1:42:18]} e6 {[%clk 1:35:13]}
6. a4 {[%clk 1:41:08]} Ne5 {[%clk 1:28:56]} 7. Bb5+ {[%clk 1:40:01]} Bd7
{[%clk 1:29:20]} 8. Bxd7+ {[%clk 1:40:22]} Qxd7 {[%clk 1:29:41]} 9. d3
{[%clk 1:40:46]} Ng6 {[%clk 1:29:04]} 10. Nh3 {[%clk 1:40:06]} Nf6
{[%clk 1:14:42]} 11. f4 {[%clk 1:38:34]} Be7 {[%clk 1:13:12]} 12. O-O
{[%clk 1:38:22]} O-O {[%clk 1:12:01]} 13. f5 {[%clk 1:34:29]} Ne5
{[%clk 1:11:16]} 14. Nh5 {[%clk 1:28:24]} Nxh5 {[%clk 1:08:43]} 15. Qxh5
{[%clk 1:28:29]} exf5 {[%clk 1:08:42]} 16. Qxf5 {[%clk 1:26:45]} Qxf5
{[%clk 1:08:17]} 17. Rxf5 {[%clk 1:27:09]} f6 {[%clk 1:08:26]} 18. b3
{[%clk 1:26:16]} Bd6 {[%clk 1:04:12]} 19. Rf1 {[%clk 1:24:43]} Ng4
{[%clk 1:03:53]} 20. Nf4 {[%clk 1:24:29]} f5 {[%clk 0:55:17]} 21. h3
{[%clk 1:24:45]} Nh6 {[%clk 0:55:45]} 22. Nd5 {[%clk 1:22:30]} fxe4
{[%clk 0:55:32]} 23. Bxh6 {[%clk 1:22:55]} gxh6 {[%clk 0:55:58]} 24. Nf6+
{[%clk 1:23:03]} Kg7 {[%clk 0:55:21]} 25. Nxe4 {[%clk 1:23:28]} Be7
{[%clk 0:55:42]} 26. g3 {[%clk 1:22:43]} a5 {[%clk 0:51:19]} 27. Kg2
{[%clk 1:22:35]} b6 {[%clk 0:51:38]} 28. Rf4 {[%clk 1:15:04]} Bg5
{[%clk 0:46:04]} 29. Rff1 {[%clk 1:11:51]} Be7 {[%clk 0:43:42]} 30. g4
{[%clk 0:56:29]} Rxf1 {[%clk 0:42:31]} 31. Rxf1 {[%clk 0:56:54]} Rf8
{[%clk 0:42:48]} 32. Rf5 {[%clk 0:53:34]} Rxf5 {[%clk 0:38:14]} 33. gxf5
{[%clk 0:53:46]} Bd8 {[%clk 0:38:42]} 34. Kf3 {[%clk 0:52:59]} Bc7
{[%clk 0:38:04]} 35. Kg4 {[%clk 0:43:03]} Kf7 {[%clk 0:37:00]} 36. Ng3
{[%clk 0:38:05]} Kf6 {[%clk 0:32:09]} 37. Nh5+ {[%clk 0:37:59]} Ke5
{[%clk 0:31:46]} 38. Ng7 {[%clk 0:37:15]} Bd8 {[%clk 0:31:40]} 39. Kh5
{[%clk 0:30:32]} Bg5 {[%clk 0:31:35]} 40. h4 {[%clk 0:30:30]} Bf6
{[%clk 0:29:19]} 41. Kxh6 {[%clk 0:11:50]} 1/2-1/2

[Event "1SM"]
[Site "Sharjah Chess Club"]
[Date "2017.03.30"]
[Round "8.26"]
[White "Maisuradze, Nino"]
[Black "Sunilduth Lyna, Narayanan"]
[Result "0-1"]
[BlackElo "2526"]
[WhiteElo "2273"]
[LiveChessVersion "1.4.8"]

1. d4 {[%clk 1:40:59]} d5 {[%clk 1:40:52]} 2. c4 {[%clk 1:41:15]} e6
{[%clk 1:41:17]} 3. Nf3 {[%clk 1:40:51]} a6 {[%clk 1:41:08]} 4. cxd5
{[%clk 1:40:13]} exd5 {[%clk 1:41:33]} 5. Qc2 {[%clk 1:38:35]} Nc6
{[%clk 1:40:44]} 6. a3 {[%clk 1:31:05]} Bg4 {[%clk 1:40:46]} 7. Qd1
{[%clk 1:15:29]} Bxf3 {[%clk 1:36:19]} 8. gxf3 {[%clk 1:15:05]} g6
{[%clk 1:36:06]} 9. Bf4 {[%clk 1:14:24]} Bh6 {[%clk 1:32:06]} 10. Bxh6
{[%clk 1:12:30]} Nxh6 {[%clk 1:31:42]} 11. e3 {[%clk 1:12:21]} O-O
{[%clk 1:31:32]} 12. Bd3 {[%clk 1:10:09]} Re8 {[%clk 1:31:07]} 13. O-O
{[%clk 1:09:01]} Qh4 {[%clk 1:00:35]} 14. Nc3 {[%clk 0:46:22]} Ne7
{[%clk 1:00:41]} 15. Kg2 {[%clk 0:30:31]} Rad8 {[%clk 0:48:48]} 16. b4
{[%clk 0:27:43]} Nef5 {[%clk 0:47:35]} 17. Re1 {[%clk 0:26:06]} Re6
{[%clk 0:39:18]} 18. h3 {[%clk 0:25:02]} c6 {[%clk 0:37:35]} 19. f4
{[%clk 0:16:06]} Rde8 {[%clk 0:37:45]} 20. Qd2 {[%clk 0:15:16]} g5
{[%clk 0:24:11]} 21. Bxf5 {[%clk 0:15:10]} Nxf5 {[%clk 0:24:30]} 22. fxg5
{[%clk 0:15:06]} h6 {[%clk 0:19:59]} 23. Qd3 {[%clk 0:11:45]} Rg6
{[%clk 0:19:05]} 24. Qxf5 {[%clk 0:07:39]} Rxg5+ {[%clk 0:19:24]} 25. Qxg5+
{[%clk 0:08:06]} Qxg5+ {[%clk 0:19:29]} 26. Kh2 {[%clk 0:08:14]} Qf5
{[%clk 0:19:55]} 27. Rg1+ {[%clk 0:08:31]} Kh7 {[%clk 0:20:05]} 28. Raf1
{[%clk 0:05:13]} Qc2 {[%clk 0:19:54]} 29. Nd1 {[%clk 0:04:20]} Rg8
{[%clk 0:20:15]} 0-1

[Event "1SM"]
[Site "Sharjah Chess Club"]
[Date "2017.03.30"]
[Round "8.27"]
[White "Stany, G.A."]
[Black "Saurabh, Anand"]
[Result "1/2-1/2"]
[BlackElo "2284"]
[WhiteElo "2495"]
[LiveChessVersion "1.4.8"]

1. e4 {[%clk 1:40:49]} e5 {[%clk 1:40:54]} 2. Nf3 {[%clk 1:41:13]} Nc6
{[%clk 1:41:18]} 3. Bb5 {[%clk 1:41:37]} a6 {[%clk 1:41:43]} 4. Ba4
{[%clk 1:41:53]} Nf6 {[%clk 1:42:08]} 5. O-O {[%clk 1:41:18]} Be7
{[%clk 1:42:28]} 6. Re1 {[%clk 1:41:42]} b5 {[%clk 1:42:53]} 7. Bb3
{[%clk 1:42:08]} d6 {[%clk 1:43:14]} 8. c3 {[%clk 1:42:31]} O-O {[%clk 1:43:37]}
9. d4 {[%clk 1:42:48]} Bg4 {[%clk 1:43:41]} 10. d5 {[%clk 1:41:26]} Na5
{[%clk 1:43:58]} 11. Bc2 {[%clk 1:41:52]} Qc8 {[%clk 1:44:11]} 12. Nbd2
{[%clk 1:42:02]} c6 {[%clk 1:44:14]} 13. b4 {[%clk 1:42:25]} Nb7 {[%clk 1:44:36]}
14. dxc6 {[%clk 1:42:38]} Qxc6 {[%clk 1:45:04]} 15. Bb2 {[%clk 1:42:55]} a5
{[%clk 1:45:04]} 16. Bd3 {[%clk 1:39:32]} Bd7 {[%clk 1:31:22]} 17. Nf1
{[%clk 1:22:14]} Rfc8 {[%clk 1:27:22]} 18. Rc1 {[%clk 1:17:20]} Nd8
{[%clk 1:20:04]} 19. Ne3 {[%clk 1:16:16]} g6 {[%clk 1:19:02]} 20. a3
{[%clk 1:11:11]} Ne6 {[%clk 1:16:24]} 21. c4 {[%clk 1:05:27]} Qb7
{[%clk 1:14:17]} 22. c5 {[%clk 0:38:44]} dxc5 {[%clk 1:11:26]} 23. Nxe5
{[%clk 0:33:44]} cxb4 {[%clk 1:05:03]} 24. Nd5 {[%clk 0:33:56]} Nxd5
{[%clk 0:57:48]} 25. exd5 {[%clk 0:33:52]} bxa3 {[%clk 0:57:58]} 26. dxe6
{[%clk 0:22:32]} axb2 {[%clk 0:56:59]} 27. Rxc8+ {[%clk 0:22:42]} Rxc8
{[%clk 0:54:46]} 28. exd7 {[%clk 0:22:56]} Rc1 {[%clk 0:54:45]} 29. Qe2
{[%clk 0:20:50]} Qc7 {[%clk 0:53:38]} 30. Rf1 {[%clk 0:14:25]} Rxf1+
{[%clk 0:36:51]} 31. Kxf1 {[%clk 0:14:41]} Qc1+ {[%clk 0:37:05]} 32. Qe1
{[%clk 0:15:07]} Bb4 {[%clk 0:37:15]} 33. d8=Q+ {[%clk 0:14:45]} Kg7
{[%clk 0:37:43]} 34. Nf3 {[%clk 0:15:01]} Bxe1 {[%clk 0:38:06]} 35. Nxe1
{[%clk 0:13:26]} a4 {[%clk 0:38:09]} 36. Qd4+ {[%clk 0:12:49]} Kg8
{[%clk 0:38:19]} 37. Qb4 {[%clk 0:04:25]} Qa1 {[%clk 0:38:31]} 38. Qxb5
{[%clk 0:03:24]} a3 {[%clk 0:38:45]} 39. Qe8+ {[%clk 0:02:55]} Kg7
{[%clk 0:39:07]} 40. Qe5+ {[%clk 0:02:45]} Kg8 {[%clk 0:38:33]} 41. Qe7
{[%clk 0:01:10]} a2 {[%clk 0:38:28]} 42. Bc4 {[%clk 0:01:15]} Qxe1+
{[%clk 0:37:38]} 43. Qxe1 {[%clk 0:01:24]} b1=Q {[%clk 0:37:57]} 44. Bxa2
{[%clk 0:01:46]} 1/2-1/2